000 00881nab a2200253 u 4500
001 13102
003 HDC
007 cr bn ---aaaaa
008 210212c my dr|nes 0 eng d
040 _aHDC
100 _aSokolow, Jesse,
_eauthor
_913926
245 0 _aJAL to Offer New In-Flight Menu, Serve Halal Certified Dishes /
_cby Jesse Sokolow
260 _a[no place] :
_b[publisher not identified],
_c[no year]
336 _atext
_2rdacontent
337 _acomputer
_2rdamedia
338 _aonline resource
_2rdacarrier
650 _aHalal certificate
_9482
650 _aIn-Flight Menu
_913927
710 _aFrequent Business Traveler
856 _zRequest full-text at [email protected]
942 _2lcc
942 _cNEWS
942 _kNWSO 002803
999 _c10418
_d10418